00671nam a22001697a 4500999001900000003000400019082001600023245010800039260006000147300001500207546001200222650001300234650001500247942001200262952012200274952010500396 c161232d161232OSt a630bGOI/RE aReport of the national commission on agriculture 1976:bpart 14 planning ,statistics and administration aNew DelhibMinistry of Agriculture and Irrigationc1976 axiii,321p. aEnglish aPlanning aStatistics 2ddccBK 00102ddc40708GenaKAUCLVbKAUCLVcGENERALd2018-07-26l0o630 GOI/REp809555r2018-07-26 00:00:00w2018-07-26yBK 00102ddc4070aKAUCLVbKAUCLVcGENERALd2023-08-03l0o630 GOI/REp812543r2023-08-03 00:00:00yBK